| Tag |
First Indicator |
Second Indicator |
Subfields |
| LEADER |
00000cgm a2200000Ki 4500 |
| 001 |
in00004415713 |
| 005 |
20210806092340.0 |
| 007 |
vd bsaizu |
| 008 |
210518s2021 nyu087 vleng d |
| 035 |
|
|
|a (OCoLC)on1251688796
|
| 040 |
|
|
|a TEFMT
|b eng
|e rda
|c TEFMT
|d OCLCO
|d TEF
|d OCLCO
|d OCLCF
|d TEFMT
|
| 024 |
1 |
|
|a 738329254148
|
| 028 |
4 |
2 |
|a K25414
|b Kino Lorber
|
| 035 |
|
|
|a (OCoLC)1251688796
|
| 037 |
|
|
|b Midwest Tape
|n http://www.midwesttapes.com
|
| 041 |
0 |
|
|a eng
|j eng
|h eng
|
| 046 |
|
|
|k 1947
|2 edtf
|
| 050 |
|
4 |
|a PN1997
|b .W43 2021
|
| 082 |
0 |
4 |
|a 791.43/72
|2 23
|
| 090 |
|
|
|a PN1995.9.C66
|b W43 2021
|
| 049 |
|
|
|a TXAM
|
| 245 |
0 |
4 |
|a The web /
|c director, Michael Gordon.
|
| 264 |
|
1 |
|a [New York] :
|b Kino Lorber,
|c [2021]
|
| 300 |
|
|
|a 1 videodisc (87 min.) :
|b sound, black and white ;
|c 4 3/4 in.
|
| 336 |
|
|
|a two-dimensional moving image
|b tdi
|2 rdacontent
|
| 337 |
|
|
|a video
|b v
|2 rdamedia
|
| 338 |
|
|
|a videodisc
|b vd
|2 rdacarrier
|
| 344 |
|
|
|a digital
|2 rdatr
|
| 344 |
|
|
|b optical
|2 rdarm
|
| 347 |
|
|
|a video file
|2 rdaft
|
| 347 |
|
|
|b Blu-ray
|
| 380 |
|
|
|a Motion pictures
|2 lcgft
|
| 490 |
1 |
|
|a KL studio classics
|
| 538 |
|
|
|a Blu-ray; requires Blu-ray player.
|
| 546 |
|
|
|a English dialogue; English subtitles.
|
| 500 |
|
|
|a Title from sell sheet.
|
| 511 |
1 |
|
|a Edmond O'Brien, Ella Raines, Vincent Price, William Bendix, John Abbott.
|
| 500 |
|
|
|a Originally released as a motion picture in 1947.
|
| 521 |
8 |
|
|a Rating: Not rated.
|
| 520 |
|
|
|a Leopold Kroner, formerly of Colby Enterprises, is released after five years in prison for embezzlement. Andrew Colby, claiming that Kroner has threatened him, hires lawyer Bob Regan as a secret bodyguard. Sure enough, Kroner turns up in Colby's room with a gun, and Regan kills him. Then Regan, who sticks around to romance Colby's secretary Noel, begins to suspect he's been used.
|
| 500 |
|
|
|a Bonus features: audio commentary by professor and film scholar Jason A. Ney; theatrical trailer.
|
| 650 |
|
0 |
|a Prisons
|v Drama.
|
| 650 |
|
0 |
|a Man-woman relationships
|v Drama.
|
| 650 |
|
0 |
|a Embezzlement
|v Drama.
|
| 650 |
|
0 |
|a Ex-convicts
|v Drama.
|
| 650 |
|
0 |
|a Bodyguards
|v Drama.
|
| 650 |
|
7 |
|a Man-woman relationships.
|2 fast
|0 (OCoLC)fst01007080
|
| 650 |
|
7 |
|a Prisons.
|2 fast
|0 (OCoLC)fst01077326
|
| 655 |
|
7 |
|a Drama.
|2 fast
|0 (OCoLC)fst01423879
|
| 655 |
|
7 |
|a Feature films.
|2 fast
|0 (OCoLC)fst01710384
|
| 655 |
|
7 |
|a Fiction films.
|2 fast
|0 (OCoLC)fst01710264
|
| 655 |
|
7 |
|a Film noir.
|2 fast
|0 (OCoLC)fst01710306
|
| 655 |
|
7 |
|a Crime films.
|2 lcgft
|
| 655 |
|
7 |
|a Thrillers (Motion pictures)
|2 lcgft
|
| 655 |
|
7 |
|a Film noir.
|2 lcgft
|
| 655 |
|
7 |
|a Feature films.
|2 lcgft
|
| 655 |
|
7 |
|a Fiction films.
|2 lcgft
|
| 700 |
1 |
|
|a Gordon, Michael,
|d 1909-1993,
|e film director.
|
| 700 |
1 |
|
|a O'Brien, Edmond,
|d 1915-1985,
|e actor.
|
| 700 |
1 |
|
|a Raines, Ella,
|d 1920-1988,
|e actor.
|
| 700 |
1 |
|
|a Price, Vincent,
|d 1911-1993,
|e actor.
|
| 700 |
1 |
|
|a Bendix, William,
|d 1906-1964,
|e actor.
|
| 700 |
1 |
|
|a Abbott, John,
|d 1905-1996,
|e actor.
|
| 710 |
2 |
|
|a Kino Lorber, Inc.,
|e publisher.
|
| 830 |
|
0 |
|a KL studio classics.
|
| 994 |
|
|
|a C0
|b TXA
|
| 948 |
|
|
|a cataloged
|b h
|c 2021/08/06
|d c
|e blrosas
|f 9:19:43 am
|
| 999 |
f |
f |
|s edfe7682-9665-37d3-9191-6c69efb0eea4
|i 3cc56739-6ecd-3720-bd27-d9ecd8d8b796
|t 0
|
| 952 |
f |
f |
|p bluray
|a Texas A&M University
|b College Station
|c Sterling C. Evans Library
|d Evans: Media and Reserves (Annex 1st floor)
|t 0
|e PN1995.9.C66 W43 2021
|h Library of Congress classification
|i video -- videodisc
|m A14851187667
|
| 998 |
f |
f |
|a PN1995.9.C66 W43 2021
|t 0
|l Evans: Media and Reserves (Annex 1st floor)
|